<?xml version="1.0" encoding="UTF-8"?>
<record
    xmlns:xsi="http://www.w3.org/2001/XMLSchema-instance"
    xsi:schemaLocation="http://www.loc.gov/MARC21/slim http://www.loc.gov/standards/marcxml/schema/MARC21slim.xsd"
    xmlns="http://www.loc.gov/MARC21/slim">

  <leader>00944    a2200205   4500</leader>
  <controlfield tag="001">122889</controlfield>
  <datafield tag="020" ind1=" " ind2=" ">
    <subfield code="a">9788541805858</subfield>
  </datafield>
  <datafield tag="040" ind1=" " ind2=" ">
    <subfield code="c">Escola Canadense de Niteroi</subfield>
  </datafield>
  <datafield tag="090" ind1=" " ind2=" ">
    <subfield code="a">GUS-P2</subfield>
  </datafield>
  <datafield tag="100" ind1=" " ind2=" ">
    <subfield code="a">Decis, Anne</subfield>
  </datafield>
  <datafield tag="245" ind1="1" ind2="0">
    <subfield code="a">Papai esteve na floresta</subfield>
  </datafield>
  <datafield tag="250" ind1=" " ind2=" ">
    <subfield code="a">1.ed.</subfield>
  </datafield>
  <datafield tag="260" ind1=" " ind2=" ">
    <subfield code="a">S&#xE3;o Paulo</subfield>
  </datafield>
  <datafield tag="300" ind1=" " ind2=" ">
    <subfield code="b">il.</subfield>
    <subfield code="c">9 x 0.4 x 19 cm</subfield>
  </datafield>
  <datafield tag="362" ind1="0" ind2=" ">
    <subfield code="a">2017</subfield>
  </datafield>
  <datafield tag="520" ind1=" " ind2=" ">
    <subfield code="a">Na floresta onde o pai de Theo esteve existem &#xE1;rvores t&#xE3;o grandes e grossas que seria preciso todas as crian&#xE7;as da classe para abra&#xE7;ar apenas uma delas... Nas profundezas da Amaz&#xF4;nia Equatoriana, onde vive boa parte do povo Z&#xE1;paro e a imponente harpia &#x2013; ave de rapina que devora macacos &#x2013;, tudo &#xE9; bem diferente do que o garoto da cidade est&#xE1; acostumado a ver em seu dia a dia. Um di&#xE1;rio divertido com as impress&#xF5;es de uma crian&#xE7;a a partir dos relatos de viagem de seu pai.</subfield>
  </datafield>
  <datafield tag="650" ind1=" " ind2="4">
    <subfield code="a">Literatura Infantil</subfield>
  </datafield>
  <datafield tag="650" ind1=" " ind2="4">
    <subfield code="a">A&#xE7;&#xE3;o ou Aventura </subfield>
  </datafield>
  <datafield tag="942" ind1=" " ind2=" ">
    <subfield code="c">BK</subfield>
  </datafield>
  <datafield tag="952" ind1=" " ind2=" ">
    <subfield code="0">0</subfield>
    <subfield code="1">0</subfield>
    <subfield code="4">0</subfield>
    <subfield code="7">0</subfield>
    <subfield code="a">80.1</subfield>
    <subfield code="b">80.1</subfield>
    <subfield code="d">2024-02-09</subfield>
    <subfield code="l">0</subfield>
    <subfield code="o">GUS-P2</subfield>
    <subfield code="p">A12191</subfield>
    <subfield code="r">2024-02-09 21:19:04</subfield>
    <subfield code="w">2024-02-09</subfield>
    <subfield code="y">BK</subfield>
  </datafield>
  <datafield tag="999" ind1=" " ind2=" ">
    <subfield code="c">122889</subfield>
    <subfield code="d">122889</subfield>
  </datafield>
</record>
